Statistics for 2019 Formula 1 Grands Prix

Click here to take the quiz!

General Stats

  • This quiz has been taken 244 times
  • The average score is 20 of 21

Answer Stats

#Country/City% Correct
1Australia
99%
19United States
99%
14Italy
98%
13Belgium
97%
18Mexico
97%
20Brazil
96%
3China
96%
5Spain
96%
10United Kingdom
96%
8France
95%
17Japan
95%
2Bahrain
94%
6Monaco
94%
9Austria
93%
7Canada
93%
21Abu Dhabi
92%
4Azerbaijan
92%
11Germany
92%
16Russia
92%
12Hungary
91%
15Singapore
91%

Score Distribution

Percentile by Number Answered

Percent of People with Each Score

Your Score History

You have not taken this quiz